| 000 | 00665nam a2200193Ii 4500 | ||
|---|---|---|---|
| 003 | JO-AjNU | ||
| 008 | 230605s9999||||xx |||||||||||||| ||und|| | ||
| 040 |
_aJO-AjNU _bara _erda _cJO-AjNU |
||
| 041 | _aara | ||
| 050 | 1 | 4 | _aBF721.P52 |
| 100 | 3 |
_aبياجيه،جان ، حربي،محمد خيري/ترجمة ، الفندي،محمد ثابت/مراجعة, _eauthor _98205 |
|
| 245 | 0 | 0 | _aالحكم الخلقي عند الاطفال |
| 264 | 3 | 1 | _aالقاهرة:مكتبة مصر،د.ت |
| 300 | _a375ص | ||
| 336 |
_atext _btxt _2rdacontent |
||
| 337 |
_aunmediated _bn _2rdamedia |
||
| 338 |
_avolume _bnc _2rdacarrier |
||
| 650 | 4 |
_aاطفال-دراسة _98206 |
|
| 999 |
_aA670 _c4238 _d4238 |
||